000 00346 a2200157 4500
001 191212
020 _a0-521-00689-9
040 _cMagnum
100 _aPartridge, Juliet
240 1 0 _aThree spotty monsters
_lpor
245 1 0 _aThree spotty monsters
300 _a8
362 0 _a2001
697 _aLITERATURA INFANTIL INGLESA
942 _cBK
999 _c191212
_d191212